000 00627 a2200205 4500
005 20240827124528.0
008 080819t xxu||||| |||| 00| 0 eng d
010 _aENG-141458
020 _a9789390961795
_c399.00
035 _aEN-124990
037 _bDBAD
040 _adpl
_bEnglish
082 _aN
_21
100 _970564
_aRanjan, Kajal
245 _aIn The Nova:
_bSuperheroes and Saviours/
_cBy Kajal Ranjan
260 _aNew Delhi
_bVitasta Publishing
_c2023
270 _a2/15, Ist Floor, Ansari Road, Darya Ganj
_bNew Delhi
_cDelhi
_e110002
300 _axii,245p.:
_c22cm(pb)
942 _adpl
_cEN
_2ddc
_hN
_mRAJ
_e1
999 _c205300
_d205300